| 000 | 00726nam a2200241 a 4500 | ||
|---|---|---|---|
| 001 | 71700 | ||
| 003 | BD-RjUL | ||
| 005 | 20211209082141.0 | ||
| 008 | 170507s1948 nyua 001 0 eng | ||
| 035 | _a(BD-RjUL)71916 | ||
| 040 |
_aDLC _cODaWU _dBD-RjUL _beng |
||
| 041 | _aeng | ||
| 082 |
_223 _a531.11 _bTIA 1948 |
||
| 100 | 1 |
_aTimoshenko, Stephen, _d1878-1972. _9212153 |
|
| 245 | 1 | 0 |
_aAdvanced dynamics / _cS. Timoshenko and D. H. Young. |
| 260 |
_aNew York : _bMcGraw-Hill Book Co., _c1948. |
||
| 300 |
_axii, 400 p. : _bill. ; _c24 cm. |
||
| 500 | _aIncludes index | ||
| 650 | 0 |
_aDynamics. _9212154 |
|
| 700 | 1 |
_aYoung, D. H. _q(Donovan Harold), _d1904- _ejoint author. _9212155 |
|
| 942 |
_2ddc _cBK |
||
| 999 |
_c71700 _d71700 |
||